000
00326nam a2200133Ia 4500
008
191201s2019 xx 000 0 und d
082
_a
616 PAH
100
_a
Panda, U.N
245
0
_a
Handbook for Medical Representative
260
_b
AITBS Pub.
_a
New Delhi
_c
2019
300
_a
88
650
_a
Miscellaneous
942
_2
ddc
_c
BK
999
_c
8371
_d
8371